Capital Cities with no Capital City North of it - Statistics

General Stats
  • This quiz has been taken 111 times
  • The average score is 9 of 11
Answer Stats
CAPITAL CITY % Correct
Oslo
99%
Ottawa
99%
Moscow
97%
Helsinki
96%
Reykjavik
95%
Stockholm
94%
Tokyo
90%
Ulaanbaatar
85%
Pyongyang
79%
Astana
62%
Majuro
26%
No matching quizzes found
Score Distribution
Percent of People with Each Score
Percentile by Number Answered
Your Score History
You have not taken this quiz